000 00953nam a2200289Ia 4500
001 88709
003 IT-RoPAU
008 130308s9999 xx 000 0 und d
040 _aIT-RoPAU
040 _cIT-RoPAU
041 _aFRANCESE
100 _aLe Moigne Jean-Louis
100 _gCodice Aut. SPICS: 30124
245 _aOn n'invente que ce qui n'existe pas-Comprendre la conception par une theorie de la computation symbolique
245 _bArguments pour Une Methode (Autour D'Edgar Morin)
250 _a1a ed.
260 _aPARIS
260 _bSeuil
260 _c1990 [1° Ed.:1990 - Ed.Ling.Originale:1986]
300 _a"15 p. (prefazione: no ; testo: 15 [pagine: 214-228])"
500 _aComprendere la Concezione con una Teoria della Computazione Simbolica Concepira la Comprensione
650 _aSOCIOLOGIA DELLA COMUNICAZIONE SOCIALE
650 _eCodice materia Spics: 3806
942 _cBK
957 _71
999 _c80416
_d80416
999 _g1